Building partnerships for poverty reduction : (Record no. 2259)
[ view plain ]
| 000 -LEADER | |
|---|---|
| fixed length control field | 01602cam a22004335i 4500 |
| 001 - CONTROL NUMBER | |
| control field | 2070741 |
| 003 - CONTROL NUMBER IDENTIFIER | |
| control field | US-djbf |
| 005 - DATE AND TIME OF LATEST TRANSACTION | |
| control field | 20250429174615.0 |
| 006 - FIXED-LENGTH DATA ELEMENTS--ADDITIONAL MATERIAL CHARACTERISTICS | |
| fixed length control field | m d |
| 007 - PHYSICAL DESCRIPTION FIXED FIELD--GENERAL INFORMATION | |
| fixed length control field | cr cn||||||||| |
| 008 - FIXED-LENGTH DATA ELEMENTS--GENERAL INFORMATION | |
| fixed length control field | 941018s1995 dcu b i000 0 eng |
| 010 ## - LIBRARY OF CONGRESS CONTROL NUMBER | |
| LC control number | 94040699 |
| 020 ## - INTERNATIONAL STANDARD BOOK NUMBER | |
| International Standard Book Number | 0821330403 |
| 035 ## - SYSTEM CONTROL NUMBER | |
| System control number | (The World Bank)94040699 |
| 040 ## - CATALOGING SOURCE | |
| Original cataloging agency | DLC |
| Transcribing agency | DLC |
| Modifying agency | DLC |
| Language of cataloging | eng |
| Description conventions | rda |
| 043 ## - GEOGRAPHIC AREA CODE | |
| Geographic area code | a-ii--- |
| -- | a-bg--- |
| -- | a-ph--- |
| 050 00 - LIBRARY OF CONGRESS CALL NUMBER | |
| Classification number | HQ1240.5.I5 |
| Item number | V57 1995 |
| 082 ## - DEWEY DECIMAL CLASSIFICATION NUMBER | |
| Classification number | |
| 082 00 - DEWEY DECIMAL CLASSIFICATION NUMBER | |
| Classification number | 307.1/4/082 |
| Edition number | 20 |
| 100 1# - MAIN ENTRY--PERSONAL NAME | |
| Personal name | Viswanath, Vanita. |
| 9 (RLIN) | 3831 |
| 245 10 - TITLE STATEMENT | |
| Title | Building partnerships for poverty reduction : |
| Remainder of title | the participatory project planning approach of the Women's Enterprise Management Training Outreach Program (WEMTOP) / |
| Statement of responsibility, etc. | Vanita Viswanath. |
| 264 #1 - PRODUCTION, PUBLICATION, DISTRIBUTION, MANUFACTURE, AND COPYRIGHT NOTICE | |
| Place of production, publication, distribution, manufacture | Washington, D.C. : |
| Name of producer, publisher, distributor, manufacturer | World Bank, |
| Date of production, publication, distribution, manufacture, or copyright notice | 1995. |
| 300 ## - PHYSICAL DESCRIPTION | |
| Extent | x, 67 pages ; |
| Dimensions | 28 cm. |
| 336 ## - CONTENT TYPE | |
| Content type term | text |
| Content type code | txt |
| Source | rdacontent |
| 337 ## - MEDIA TYPE | |
| Media type term | computer |
| Media type code | c |
| Source | rdamedia |
| 338 ## - CARRIER TYPE | |
| Carrier type term | online resource |
| Carrier type code | cr |
| Source | rdacarrier |
| 347 ## - DIGITAL FILE CHARACTERISTICS | |
| File type | data file |
| Source | rda |
| 380 ## - FORM OF WORK | |
| Form of work | Bibliography |
| 490 0# - SERIES STATEMENT | |
| Series statement | World Bank technical paper, |
| International Standard Serial Number | 0253-7494 ; |
| Volume/sequential designation | no. 265 |
| 504 ## - BIBLIOGRAPHY, ETC. NOTE | |
| Bibliography, etc. note | Includes bibliographical references. |
| 588 ## - SOURCE OF DESCRIPTION NOTE | |
| Source of description note | Description based on print version record. |
| 610 20 - SUBJECT ADDED ENTRY--CORPORATE NAME | |
| Corporate name or jurisdiction name as entry element | Women's Enterprise Management Training Outreach Program. |
| 9 (RLIN) | 3832 |
| 650 #0 - SUBJECT ADDED ENTRY--TOPICAL TERM | |
| Topical term or geographic name entry element | Women in development |
| Geographic subdivision | Bangladesh. |
| 9 (RLIN) | 3833 |
| 650 #0 - SUBJECT ADDED ENTRY--TOPICAL TERM | |
| Topical term or geographic name entry element | Women in development |
| Geographic subdivision | India. |
| 9 (RLIN) | 3834 |
| 650 #0 - SUBJECT ADDED ENTRY--TOPICAL TERM | |
| Topical term or geographic name entry element | Women in development |
| Geographic subdivision | Philippines. |
| 9 (RLIN) | 3835 |
| 776 08 - ADDITIONAL PHYSICAL FORM ENTRY | |
| Main entry heading | Print Version: |
| International Standard Book Number | 9780821330401 |
| 830 #0 - SERIES ADDED ENTRY--UNIFORM TITLE | |
| Uniform title | World Bank e-Library. |
| 9 (RLIN) | 3836 |
| 856 40 - ELECTRONIC LOCATION AND ACCESS | |
| Uniform Resource Identifier | <a href="http://elibrary.worldbank.org/doi/book/10.1596/0-8213-3040-3">http://elibrary.worldbank.org/doi/book/10.1596/0-8213-3040-3</a> |
No items available.